| 000 | 00783nam a2200229 i 4500 | ||
|---|---|---|---|
| 001 | 86899 | ||
| 003 | ES-MaACL | ||
| 007 | t| | ||
| 008 | 041216s1986 sp ||||1| spa d | ||
| 020 | _a84-335-5219-8 | ||
| 100 | 1 |
_aKolb, Bryan. _968509 |
|
| 245 | 1 | 0 |
_aFundamentos de Neuropsicología humana / _cBryan Kolb y Ian Q. Whishaw ; versión española por Silvia Dauder Torruella y José Planas Vilarnau ; revisada por José Planas Mestres. |
| 260 |
_aBarcelona : _bLabor, _c1986. |
||
| 300 |
_a751 p. : _bil. ; _c26 cm. |
||
| 500 | _aIndice. | ||
| 504 | _aBibliografía. | ||
| 700 | 1 |
_aWhishaw, Ian Q. _9116638 |
|
| 700 | 1 |
_aDauder Torruella, Silvia. _942798 |
|
| 700 | 1 |
_aPlanas Vilarnau, José. _992534 |
|
| 700 | 1 |
_aPlanas Mestres, José. _992529 |
|
| 852 |
_aES-MaACL _jG-13329 |
||
| 999 |
_c86899 _d86899 |
||